[Event "CAN op"]
[Site "Hamilton CAN"]
[Date "2022.07.13"]
[Round "3.4"]
[White "Atanasov, Anthony"]
[Black "Sheng, Joshua"]
[Result "1/2-1/2"]
[WhiteElo "2340"]
[BlackElo "2558"]
[PlyCount "42"]
[EventDate "2022.07.12"]
[EventType "swiss"]
[EventRounds "9"]
[EventCountry "CAN"]

1. Nf3 g6 2. e4 c5 3. d4 cxd4 4. Qxd4 Nf6 5. Nc3 Nc6 6. Qa4 d6 7. e5 dxe5 8.
Nxe5 Bd7 9. Nxd7 Qxd7 10. Be3 Bg7 11. Be2 O-O 12. Rd1 Qf5 13. O-O a6 14. Qb3 b5
15. a4 b4 16. Nd5 Rad8 17. Nxf6+ Qxf6 18. c3 Rb8 19. Qc2 bxc3 20. bxc3 a5 21.
Bb5 Rfc8 1/2-1/2

[Event "CAN op"]
[Site "Hamilton CAN"]
[Date "2022.07.14"]
[Round "5.24"]
[White "Atanasov, Anthony"]
[Black "Hasku, Dashnor"]
[Result "1-0"]
[WhiteElo "2340"]
[BlackElo "1963"]
[PlyCount "73"]
[EventDate "2022.07.12"]
[EventType "swiss"]
[EventRounds "9"]
[EventCountry "CAN"]

1. d4 c5 2. d5 d6 3. e4 e5 4. Ne2 f5 5. exf5 Bxf5 6. Ng3 Bg6 7. h4 Nf6 8. h5
Bf7 9. Nc3 a6 10. a4 Qa5 11. Bd2 Nbd7 12. Bd3 Qc7 13. Bg5 Nb6 14. Bxf6 gxf6 15.
Bf5 Nc4 16. b3 Qa5 17. Nge4 Nb6 18. O-O Be7 19. Qf3 Kd8 20. Be6 Bxe6 21. dxe6
Rf8 22. Rfd1 Kc7 23. Qf5 Rae8 24. Qxh7 Kb8 25. Nd5 Nxd5 26. Rxd5 Qc7 27. Qf5
Qc6 28. Rad1 Rd8 29. h6 Rh8 30. h7 Kc7 31. Qg6 Qe8 32. Qf5 Qf8 33. R5d3 Qg7 34.
Rh3 d5 35. Nc3 Kc6 36. Nxd5 Rxd5 37. Qe4 1-0

[Event "CAN op"]
[Site "Hamilton CAN"]
[Date "2022.07.15"]
[Round "6.15"]
[White "Bui, Alan"]
[Black "Atanasov, Anthony"]
[Result "0-1"]
[WhiteElo "2097"]
[BlackElo "2340"]
[PlyCount "64"]
[EventDate "2022.07.12"]
[EventType "swiss"]
[EventRounds "9"]
[EventCountry "CAN"]

1. d4 Nf6 2. Nf3 d5 3. c4 e6 4. Nc3 c5 5. e3 Nc6 6. Bd3 dxc4 7. Bxc4 a6 8. a4
cxd4 9. exd4 Be7 10. O-O O-O 11. d5 exd5 12. Nxd5 Nxd5 13. Qxd5 Be6 14. Qxd8
Raxd8 15. Bxe6 fxe6 16. Bg5 Bf6 17. Rae1 Kf7 18. Re3 Rd5 19. Bxf6 gxf6 20. Rfe1
e5 21. Kf1 Rfd8 22. Re4 Ke6 23. g4 Rd3 24. R1e3 h6 25. h3 Rd1+ 26. Re1 R8d3 27.
R4e3 Kd5 28. Rxd1 Rxd1+ 29. Ke2 Rb1 30. Rb3 e4 31. Nd2 Nd4+ 32. Ke3 Re1+ 0-1

[Event "CAN op"]
[Site "Hamilton CAN"]
[Date "2022.07.15"]
[Round "7.11"]
[White "Atanasov, Anthony"]
[Black "Perez Rodriguez, Luis Manuel"]
[Result "0-1"]
[WhiteElo "2340"]
[BlackElo "2328"]
[PlyCount "96"]
[EventDate "2022.07.12"]
[EventType "swiss"]
[EventRounds "9"]
[EventCountry "CAN"]

1. d4 d5 2. Nf3 Nf6 3. c3 g6 4. Bf4 Bg7 5. h3 O-O 6. e3 c5 7. Be2 b6 8. O-O Bb7
9. a4 Nc6 10. Nbd2 Nd7 11. Qb3 Qc8 12. Rfd1 Re8 13. Bg3 e5 14. dxe5 Ndxe5 15.
Nxe5 Nxe5 16. a5 Qe6 17. Bb5 Red8 18. a6 Bc6 19. Bxe5 Bxe5 20. Nf3 Bf6 21. Rd2
Rac8 22. Rad1 Ba8 23. Be2 Rd6 24. Qa4 Rcd8 25. Kh2 Kg7 26. Qf4 h6 27. Qg4 Qe7
28. Bb5 Re6 29. Qa4 h5 30. Qc2 Red6 31. Re1 Qe6 32. Qa4 g5 33. Kg1 g4 34. hxg4
hxg4 35. Nh2 d4 36. cxd4 Rxd4 37. Rxd4 Rxd4 38. Qc2 Rb4 39. Qd3 g3 40. fxg3 c4
41. Qd7 Qxd7 42. Bxd7 Rxb2 43. Nf3 Be4 44. g4 c3 45. Bf5 Bxf5 46. gxf5 c2 47.
Nd2 Bc3 48. f6+ Kg6 0-1

[Event "CAN op"]
[Site "Hamilton CAN"]
[Date "2022.07.16"]
[Round "8.22"]
[White "Liu, Henry"]
[Black "Atanasov, Anthony"]
[Result "1/2-1/2"]
[WhiteElo "2041"]
[BlackElo "2340"]
[PlyCount "61"]
[EventDate "2022.07.12"]
[EventType "swiss"]
[EventRounds "9"]
[EventCountry "CAN"]

1. c4 Nf6 2. g3 e5 3. Bg2 Bc5 4. Nc3 O-O 5. e3 c6 6. Nge2 Bb6 7. d4 d6 8. O-O
Re8 9. Qc2 a5 10. a3 g6 11. Bd2 exd4 12. Nxd4 Nbd7 13. b4 Ne5 14. Na4 axb4 15.
axb4 Ba7 16. c5 Bb8 17. Nb6 Rxa1 18. Rxa1 Bc7 19. Na4 Bd7 20. cxd6 Bxd6 21. Nc5
Bc8 22. h3 Qe7 23. Ra7 Nfd7 24. Ndb3 Nxc5 25. bxc5 Bb8 26. Ra4 Rd8 27. f4 Nd7
28. Re4 Qf8 29. Ra4 Nf6 30. e4 Qe7 31. Kh2 1/2-1/2

[Event "CAN op"]
[Site "Hamilton CAN"]
[Date "2022.07.17"]
[Round "9.21"]
[White "Atanasov, Anthony"]
[Black "Fradkin, Benjamin"]
[Result "1-0"]
[WhiteElo "2340"]
[BlackElo "2076"]
[PlyCount "101"]
[EventDate "2022.07.12"]
[EventType "swiss"]
[EventRounds "9"]
[EventCountry "CAN"]

1. d4 d5 2. Nf3 Nf6 3. Bf4 c6 4. e3 Bg4 5. Nbd2 e6 6. c3 h6 7. Bd3 Qb6 8. Qb1
Bxf3 9. Nxf3 c5 10. Ne5 Nc6 11. a4 a6 12. O-O Be7 13. Qc2 c4 14. Be2 Na5 15.
Rfe1 Nb3 16. Rad1 O-O 17. Bxc4 Nxd4 18. exd4 dxc4 19. Nxc4 Qd8 20. Ne5 Nd5 21.
Bc1 Bf6 22. c4 Qc7 23. Qe4 Bxe5 24. dxe5 Ne7 25. b3 Rfd8 26. Ba3 Rxd1 27. Rxd1
Nc6 28. Bd6 Qb6 29. Rd3 Qa5 30. h4 Rd8 31. h5 Na7 32. Rg3 Qd2 33. Qg4 Qc1+ 34.
Kh2 Qg5 35. Qxg5 hxg5 36. Rxg5 f6 37. Rg3 Kf7 38. f4 Rh8 39. Rh3 f5 40. b4 Nc6
41. Kg1 b6 42. Kf2 Ne7 43. b5 Rc8 44. c5 axb5 45. axb5 bxc5 46. b6 Ra8 47. b7
Ra2+ 48. Kg1 Nc6 49. Rb3 Ra4 50. b8=Q Nxb8 51. Rxb8 1-0

[Event "Philadelphia int."]
[Site "Philadelphia USA"]
[Date "2022.06.24"]
[Round "1"]
[White "Atanasov, Anthony"]
[Black "Jacobson, Brandon"]
[Result "0-1"]
[WhiteElo "2229"]
[BlackElo "2526"]
[PlyCount "98"]
[EventDate "2022.06.24"]
[EventType "swiss"]
[EventRounds "7"]
[EventCountry "USA"]
[Source "Mark Crowther"]
[SourceDate "2022.06.27"]

1. e4 e5 2. Nf3 Nc6 3. g3 Nf6 4. d3 d5 5. exd5 Nxd5 6. Bg2 Bc5 7. O-O O-O 8.
Nc3 Nxc3 9. bxc3 Bg4 10. h3 Bh5 11. Rb1 f5 12. Qe1 Re8 13. Nd2 Bb6 14. Nc4 Bf7
15. Qe2 Qf6 16. a4 e4 17. dxe4 fxe4 18. Ne3 Kh8 19. Rb5 Rad8 20. Bb2 Qe6 21. c4
a6 22. Rd5 Bd4 23. Bxd4 Nxd4 24. Qd1 Qf6 25. Ng4 Qb6 26. a5 Qb2 27. Rxd8 Rxd8
28. Bxe4 Bxc4 29. Qb1 Ne2+ 30. Kh2 Qd4 31. Qxb7 Nxg3 32. Re1 Nxe4 33. Qxe4 Qd2
34. Kg1 Bg8 35. Ne5 Rf8 36. Re2 Qxa5 37. c4 Qa3 38. Re3 Qd6 39. Kg2 a5 40. Rd3
Qf6 41. Qd4 Re8 42. f4 c5 43. Qd7 Rf8 44. Rg3 Rd8 45. Qa7 Rd2+ 46. Kg1 Bxc4 47.
Qxc5 Qxf4 48. Qc8+ Bg8 49. Kh1 Qxe5 0-1

[Event "Philadelphia int."]
[Site "Philadelphia USA"]
[Date "2022.06.25"]
[Round "2"]
[White "Trakru, Rohun"]
[Black "Atanasov, Anthony"]
[Result "1/2-1/2"]
[WhiteElo "2056"]
[BlackElo "2229"]
[PlyCount "87"]
[EventDate "2022.06.24"]
[EventType "swiss"]
[EventRounds "7"]
[EventCountry "USA"]
[Source "ChessMix"]
[SourceDate "2022.07.10"]

1. e4 c5 2. Nc3 Nc6 3. Bb5 Nd4 4. Nf3 a6 5. Bd3 Nc6 6. b3 e6 7. e5 Qc7 8. Qe2
Nge7 9. Qe3 Nd4 10. Bb2 Nef5 11. Bxf5 Nxf5 12. Qd3 d5 13. exd6 Qxd6 14. Qe2 Qc6
15. Ne4 Nd6 16. d3 Nxe4 17. dxe4 f6 18. O-O-O Be7 19. h4 e5 20. h5 Be6 21. Nh4
Kf7 22. Nf5 Rhd8 23. f3 Bf8 24. Ne3 Rd4 25. c3 Rdd8 26. Rxd8 Rxd8 27. Rd1 Rc8
28. c4 b5 29. Nd5 Rb8 30. Qc2 a5 31. f4 exf4 32. e5 f5 33. Nxf4 bxc4 34. bxc4
Be7 35. Nxe6 Qxe6 36. Rd5 g6 37. hxg6+ hxg6 38. a3 Qc6 39. Qc3 Qe6 40. Qxa5 Rb7
41. Qc3 Rb8 42. Kb1 Rh8 43. Ka2 Rh4 44. Qb3 1/2-1/2

[Event "Philadelphia int."]
[Site "Philadelphia USA"]
[Date "2022.06.25"]
[Round "3"]
[White "Atanasov, Anthony"]
[Black "Mou, Iris"]
[Result "1-0"]
[WhiteElo "2229"]
[BlackElo "2042"]
[PlyCount "59"]
[EventDate "2022.06.24"]
[EventType "swiss"]
[EventRounds "7"]
[EventCountry "USA"]
[Source "ChessMix"]
[SourceDate "2022.07.10"]

1. d4 Nf6 2. Nf3 e6 3. Bf4 d5 4. e3 Bd6 5. Nbd2 O-O 6. Bd3 c5 7. c3 Qc7 8. Bxd6
Qxd6 9. Ne5 Nc6 10. f4 Bd7 11. g4 cxd4 12. exd4 Ne8 13. g5 Ne7 14. Qg4 b5 15.
a3 Qc7 16. h4 Nd6 17. Rg1 Nef5 18. h5 a5 19. Nb3 b4 20. Nc5 Bb5 21. Bxf5 exf5
22. Qf3 Ne4 23. g6 Nxc5 24. dxc5 Qxc5 25. gxh7+ Kxh7 26. Qg3 g5 27. hxg6+ Kg7
28. gxf7+ Kf6 29. Qh4+ Ke6 30. Rg6# 1-0

[Event "Philadelphia int."]
[Site "Philadelphia USA"]
[Date "2022.06.26"]
[Round "4"]
[White "Flom, Gabriel"]
[Black "Atanasov, Anthony"]
[Result "1/2-1/2"]
[WhiteElo "2428"]
[BlackElo "2229"]
[PlyCount "64"]
[EventDate "2022.06.24"]
[EventType "swiss"]
[EventRounds "7"]
[EventCountry "USA"]
[Source "ChessMix"]
[SourceDate "2022.07.10"]

1. d4 Nf6 2. Bf4 d5 3. Nc3 Bf5 4. Nb5 Na6 5. e3 e6 6. Nf3 c6 7. Nc3 Nc7 8. Bd3
Bd6 9. Ne5 Qe7 10. h4 Nd7 11. Qf3 Nxe5 12. dxe5 Bb4 13. g4 Bxd3 14. cxd3 Nb5
15. Rc1 O-O 16. a4 f6 17. Qg3 Bxc3+ 18. bxc3 Qa3 19. Kd2 Qxa4 20. exf6 Rxf6 21.
Be5 Rf7 22. h5 Qa2+ 23. Rc2 Qb3 24. Kc1 Qa3+ 25. Kd2 Qb3 26. f4 Na3 27. Rcc1
Qb2+ 28. Kd1 a5 29. Rh2 Qb5 30. Ke2 Qb2+ 31. Kd1 Qb5 32. Ke2 Qb2+ 1/2-1/2

[Event "Philadelphia int."]
[Site "Philadelphia USA"]
[Date "2022.06.26"]
[Round "5"]
[White "Atanasov, Anthony"]
[Black "Singh, Hersh"]
[Result "1/2-1/2"]
[WhiteElo "2229"]
[BlackElo "2077"]
[PlyCount "39"]
[EventDate "2022.06.24"]
[EventType "swiss"]
[EventRounds "7"]
[EventCountry "USA"]
[Source "ChessMix"]
[SourceDate "2022.07.10"]

1. d4 d5 2. Nf3 Nf6 3. e3 Bf5 4. Bd3 e6 5. O-O Bd6 6. c4 Bxd3 7. Qxd3 c6 8. Nc3
Nbd7 9. e4 dxc4 10. Qxc4 e5 11. Rd1 Qc7 12. Be3 exd4 13. Bxd4 Ne5 14. Bxe5 Bxe5
15. Qc5 Bxc3 16. bxc3 Nd7 17. Rd6 Nb6 18. Re1 Qe7 19. h3 Nc8 20. Rd8+ 1/2-1/2

[Event "Philadelphia int."]
[Site "Philadelphia USA"]
[Date "2022.06.27"]
[Round "6"]
[White "Ngo, Bach"]
[Black "Atanasov, Anthony"]
[Result "1-0"]
[WhiteElo "2327"]
[BlackElo "2229"]
[PlyCount "113"]
[EventDate "2022.06.24"]
[EventType "swiss"]
[EventRounds "7"]
[EventCountry "USA"]
[Source "ChessMix"]
[SourceDate "2022.07.10"]

1. d4 Nf6 2. Nf3 g6 3. c4 Bg7 4. Nc3 d5 5. Bg5 Ne4 6. cxd5 Nxg5 7. Nxg5 e6 8.
Qd2 exd5 9. Qe3+ Kf8 10. Qf4 Bf6 11. h4 Kg7 12. e4 dxe4 13. Ngxe4 Bf5 14. O-O-O
h5 15. Bc4 Nc6 16. Ng5 Qd6 17. Qxd6 Bxg5+ 18. hxg5 cxd6 19. Bb5 Rac8 20. Rh4
Nb4 21. Kd2 a6 22. Be2 Nc6 23. Bd3 Ne7 24. Re1 Rhe8 25. f3 f6 26. Rxe7+ Rxe7
27. Bxf5 Rxc3 28. bxc3 gxf5 29. Rxh5 fxg5 30. Rxg5+ Kf6 31. Rg8 Rh7 32. Kd3 Rh1
33. Kc4 Ra1 34. Kd5 Rxa2 35. Kxd6 Rc2 36. Rf8+ Kg5 37. Ke6 Re2+ 38. Kd5 b5 39.
Kc5 Rc2 40. Kb4 Rc1 41. Ra8 Ra1 42. d5 Kf6 43. Kc5 Ra3 44. Kd6 a5 45. Rf8+ Kg7
46. Rc8 Kf6 47. Rc6 Ra2 48. Kc7+ Kf7 49. Rc5 b4 50. d6 Rd2 51. d7 Ke7 52. Re5+
Kf6 53. Rxa5 Ke7 54. Re5+ Kf6 55. Re1 bxc3 56. d8=Q+ Rxd8 57. Kxd8 1-0

[Event "Philadelphia int."]
[Site "Philadelphia USA"]
[Date "2022.06.27"]
[Round "7"]
[White "Atanasov, Anthony"]
[Black "Cooke, Eric"]
[Result "1/2-1/2"]
[WhiteElo "2229"]
[BlackElo "2061"]
[PlyCount "274"]
[EventDate "2022.06.24"]
[EventType "swiss"]
[EventRounds "7"]
[EventCountry "USA"]
[Source "ChessMix"]
[SourceDate "2022.07.10"]

1. e4 e6 2. d4 d5 3. exd5 exd5 4. Nf3 Bd6 5. c4 dxc4 6. Bxc4 Nf6 7. O-O O-O 8.
Re1 Bg4 9. h3 Bh5 10. Nc3 Nbd7 11. g4 Bg6 12. Ne5 c5 13. Bg5 cxd4 14. Nxg6 hxg6
15. Qxd4 Nb6 16. Rad1 Qc7 17. Bxf6 gxf6 18. Qxd6 Qxd6 19. Rxd6 Nxc4 20. Rxf6
Nxb2 21. Re7 Rac8 22. Ne4 Rc1+ 23. Kg2 Re1 24. Rd6 Kg7 25. Rdd7 b6 26. Rxa7 Nd3
27. Kf3 Nc5 28. Nd6 Rxe7 29. Rxe7 Kf6 30. Rc7 Ra8 31. Rc6 Ra3+ 32. Kg2 Rxa2 33.
Ne4+ Kg7 34. Nxc5 bxc5 35. Rxc5 Rb2 36. Kg3 Rb3+ 37. Kg2 Rb2 38. Ra5 Rc2 39.
Kg3 Rc3+ 40. Kg2 Rc2 41. Kg3 Rc3+ 42. f3 Rb3 43. Re5 Ra3 44. Kf4 Ra4+ 45. Re4
Ra5 46. Re5 Ra4+ 47. Kg3 Ra3 48. Rd5 Rb3 49. Rd4 Ra3 50. Kf4 Rb3 51. Re4 Ra3
52. Re3 Ra4+ 53. Kg5 Ra5+ 54. Kh4 Ra4 55. Kg3 Rb4 56. Re5 Rb3 57. h4 Ra3 58.
Rg5 Kf6 59. Rb5 Ra1 60. Rb4 Kg7 61. Rb7 Ra5 62. Re7 Rb5 63. Kf4 Kf6 64. Rd7
Rb4+ 65. Kg3 Rb5 66. Rd8 Kg7 67. Re8 Ra5 68. Kf4 Ra4+ 69. Re4 Ra5 70. Re5 Ra4+
71. Kg3 Kf6 72. Rg5 Rb4 73. Ra5 Kg7 74. Rd5 Ra4 75. Kf2 Ra2+ 76. Kg3 Ra4 77.
Re5 Kf6 78. Re8 Kg7 79. Re4 Ra5 80. Kf4 Kf6 81. Rd4 Rb5 82. Ke4 Re5+ 83. Kd3
Re1 84. Rf4+ Kg7 85. Kd4 Rh1 86. g5 Re1 87. Re4 Ra1 88. Ke5 Rh1 89. Kd6 Rf1 90.
Rf4 Re1 91. Kd7 Rd1+ 92. Ke8 Re1+ 93. Re4 Ra1 94. Rd4 Re1+ 95. Kd8 Re3 96. Rf4
Rd3+ 97. Ke7 Re3+ 98. Kd6 Rd3+ 99. Ke5 Re3+ 100. Kd4 Ra3 101. Ke4 Rb3 102. Rg4
Ra3 103. Kf4 Ra4+ 104. Kg3 Ra1 105. Re4 Ra5 106. Rd4 Rb5 107. Kg4 Rb1 108. Rd2
Rg1+ 109. Kf4 Rh1 110. Kg3 Rg1+ 111. Rg2 Ra1 112. Rh2 Rg1+ 113. Kf4 Ra1 114. h5
Ra4+ 115. Kg3 gxh5 116. Rxh5 f6 117. gxf6+ Kxf6 118. Rb5 Ra6 119. Kg4 Kg6 120.
Rb8 Kg7 121. f4 Rg6+ 122. Kf5 Ra6 123. Re8 Kf7 124. Rd8 Ra5+ 125. Kg4 Ra6 126.
Kg5 Rg6+ 127. Kf5 Rf6+ 128. Ke4 Re6+ 129. Kf3 Ra6 130. Rd5 Kf6 131. Kg4 Kf7
132. Rb5 Kf6 133. Rh5 Kg7 134. f5 Ra1 135. Rg5+ Kf7 136. Rh5 Rg1+ 137. Kf4 Rf1+
1/2-1/2

[Event "Philadelphia int."]
[Site "Philadelphia USA"]
[Date "2022.06.28"]
[Round "8"]
[White "Kunka, Harshid"]
[Black "Atanasov, Anthony"]
[Result "1/2-1/2"]
[WhiteElo "2088"]
[BlackElo "2229"]
[PlyCount "63"]
[EventDate "2022.06.24"]
[EventType "swiss"]
[EventRounds "7"]
[EventCountry "USA"]
[Source "ChessMix"]
[SourceDate "2022.07.10"]

1. e4 e5 2. Nf3 Nf6 3. Nxe5 d6 4. Nf3 Nxe4 5. Nc3 Nxc3 6. dxc3 Nd7 7. Be3 Be7
8. Qd2 Nf6 9. Bd3 O-O 10. O-O-O d5 11. Nd4 c5 12. Nf5 Bxf5 13. Bxf5 Qa5 14. Kb1
Rad8 15. g4 Ne4 16. Bxe4 dxe4 17. Qe2 Qb6 18. Rhe1 Qe6 19. Rxd8 Rxd8 20. Bc1
Bd6 21. h3 Re8 22. Qb5 Re7 23. f3 Qd5 24. c4 Qd4 25. Rxe4 Rxe4 26. fxe4 Qxe4
27. Qd7 Bf8 28. Qd5 Qe7 29. a3 Qc7 30. Qe4 Bd6 31. Qe8+ Bf8 32. Qe4 1/2-1/2

[Event "Chicago op"]
[Site "Wheeling USA"]
[Date "2022.05.30"]
[Round "8"]
[White "Atanasov, Anthony"]
[Black "Ngo, Bach"]
[Result "1/2-1/2"]
[WhiteElo "2229"]
[BlackElo "2361"]
[PlyCount "89"]
[EventDate "2022.05.26"]
[EventType "swiss"]
[EventRounds "9"]
[EventCountry "USA"]
[Source "ChessMix"]
[SourceDate "2022.06.10"]

1. d4 Nf6 2. Nf3 d5 3. Bf4 e6 4. e3 Bd6 5. Nbd2 c5 6. c3 O-O 7. Bd3 Bxf4 8.
exf4 Qc7 9. g3 b6 10. Qe2 a5 11. O-O Ba6 12. Bxa6 Nxa6 13. Rfe1 c4 14. a4 Rfc8
15. Ne5 Nb8 16. Qf3 Nc6 17. f5 exf5 18. Qxf5 Ne7 19. Qf4 Ng6 20. Nxg6 hxg6 21.
Re5 Qd7 22. Nf1 b5 23. Ne3 bxa4 24. Qf3 Rd8 25. g4 Qb5 26. g5 Qxb2 27. Rxa4 Nh5
28. Nxd5 Qc1+ 29. Kg2 Rxd5 30. Rxd5 Nf4+ 31. Kg3 Nxd5 32. Qxd5 Qxc3+ 33. Qf3
Qxf3+ 34. Kxf3 Kf8 35. Ke3 Ke7 36. Kd2 Ke6 37. Rxc4 a4 38. Kc2 a3 39. Kb1 Ra7
40. Rc5 Ra4 41. Re5+ Kd6 42. Re4 Kd5 43. Re7 Rxd4 44. Rxf7 Rg4 45. f4 1/2-1/2

[Event "Titled Tuesday 2022.05.17 Early"]
[Site "chess.com INT"]
[Date "2022.05.17"]
[Round "2"]
[White "Christensen, Thom2"]
[Black "Atanasov, Anthony"]
[Result "0-1"]
[WhiteElo "2153"]
[BlackElo "2229"]
[PlyCount "30"]
[EventDate "2022.05.17"]
[EventType "swiss (blitz)"]
[EventRounds "11"]
[EventCountry "NET"]
[Source "Mark Crowther"]
[SourceDate "2022.05.23"]

1. d4 Nf6 2. Nc3 d5 3. e4 Nxe4 4. Nxe4 dxe4 5. Bc4 c5 6. d5 e6 7. f3 e3 8. Bxe3
Qh4+ 9. g3 Qxc4 10. dxe6 Bxe6 11. Ne2 Nc6 12. O-O Rd8 13. Qe1 Nd4 14. Bxd4 cxd4
15. Nf4 Bc5 0-1

[Event "Titled Tuesday 2022.05.17 Early"]
[Site "chess.com INT"]
[Date "2022.05.17"]
[Round "3"]
[White "Atanasov, Anthony"]
[Black "Srihari, L R."]
[Result "1/2-1/2"]
[WhiteElo "2229"]
[BlackElo "2404"]
[PlyCount "109"]
[EventDate "2022.05.17"]
[EventType "swiss (blitz)"]
[EventRounds "11"]
[EventCountry "NET"]
[Source "Mark Crowther"]
[SourceDate "2022.05.23"]

1. d4 d6 2. Nf3 g6 3. h4 h5 4. e4 Bg7 5. Bc4 c6 6. Nc3 Nf6 7. Bg5 Nxe4 8. Nxe4
d5 9. Qe2 dxc4 10. Nf6+ Kf8 11. Ne4 Bf5 12. O-O-O Nd7 13. Nd6 Be6 14. Rhe1 Qa5
15. Nxf7 Bxf7 16. Qxe7+ Kg8 17. Qxd7 c3 18. Ne5 cxb2+ 19. Kxb2 Qxa2+ 20. Kc1
Qa1+ 21. Kd2 Qa5+ 22. Kc1 Qa3+ 23. Kd2 Qb4+ 24. Kc1 Bd5 25. Nxg6 Qa3+ 26. Kd2
Qa5+ 27. Kc1 Qa1+ 28. Kd2 Qxd4+ 29. Kc1 Qb2+ 30. Kd2 Qc3+ 31. Kc1 Qb2+ 32. Kd2
Bc3+ 33. Kd3 Rh7 34. Ne7+ Kh8 35. Ng6+ Kg8 36. Re7 Bg7 37. Re8+ Bf8 38. Ne7+
Rxe7 39. Qxe7 Rxe8 40. Qxe8 Qb5+ 41. Kd2 Qb4+ 42. Ke2 Bc4+ 43. Kf3 Bd5+ 44.
Rxd5 cxd5 45. Qe6+ Kh8 46. Bf6+ Bg7 47. Qe8+ Kh7 48. Qxh5+ Kg8 49. Qe8+ Qf8 50.
Qe6+ Qf7 51. Qc8+ Kh7 52. Qf5+ Kg8 53. Qc8+ Bf8 54. Qg4+ Bg7 55. Qc8+ 1/2-1/2

[Event "Titled Tuesday 2022.05.17 Early"]
[Site "chess.com INT"]
[Date "2022.05.17"]
[Round "4"]
[White "Atanasov, Anthony"]
[Black "Morefield, Jason"]
[Result "0-1"]
[WhiteElo "2229"]
[BlackElo "2242"]
[PlyCount "116"]
[EventDate "2022.05.17"]
[EventType "swiss (blitz)"]
[EventRounds "11"]
[EventCountry "NET"]
[Source "Mark Crowther"]
[SourceDate "2022.05.23"]

1. d4 Nf6 2. Nf3 b6 3. Bf4 Bb7 4. e3 e6 5. Nbd2 Be7 6. h3 O-O 7. Bd3 c5 8. c3
Nc6 9. O-O Nd5 10. Bg3 f5 11. e4 fxe4 12. Bxe4 cxd4 13. Bxd5 exd5 14. Nxd4 Nxd4
15. cxd4 d6 16. Qg4 Bc8 17. Qe2 Bf6 18. Nf3 Bf5 19. Rac1 Qd7 20. Rfe1 Rae8 21.
Qa6 Be4 22. Qa3 Qf5 23. Bxd6 Bxd4 24. Bxf8 Rxf8 25. Rc7 Qg6 26. Kf1 Bc5 27.
Rxc5 bxc5 28. Qxc5 Bd3+ 29. Kg1 Be4 30. Re3 Bxf3 31. Rxf3 Rxf3 32. Qxd5+ Rf7
33. Qa8+ Rf8 34. Qxa7 Qb1+ 35. Kh2 Qxb2 36. f3 Qe5+ 37. Kh1 Rb8 38. Qg1 h6 39.
f4 Qb5 40. Qd4 Rf8 41. Kh2 Qf5 42. Kg3 h5 43. Qc4+ Kh7 44. Qd4 h4+ 45. Kf3 Qh5+
46. g4 hxg3+ 47. Kxg3 Qg6+ 48. Kf3 Re8 49. Qd5 Rf8 50. a4 Rf5 51. Qe4 Rh5 52.
f5 Rxh3+ 53. Kf2 Qh6 54. f6+ Qg6 55. f7 Qxe4 56. f8=Q Rh2+ 57. Kg3 Rg2+ 58. Kh3
Qg4# 0-1

[Event "Titled Tuesday 2022.04.25 Early"]
[Site "chess.com INT"]
[Date "2022.04.26"]
[Round "1"]
[White "Xiong, Jeffery"]
[Black "Atanasov, Anthony"]
[Result "1-0"]
[WhiteElo "2685"]
[BlackElo "2189"]
[PlyCount "59"]
[EventDate "2022.04.26"]
[EventType "swiss (blitz)"]
[EventRounds "11"]
[EventCountry "NET"]
[Source "Mark Crowther"]
[SourceDate "2022.05.02"]

1. d4 Nf6 2. Bg5 Ne4 3. Bf4 d5 4. e3 e6 5. Bd3 c5 6. Bxe4 dxe4 7. Nc3 cxd4 8.
exd4 Bb4 9. Nge2 Nc6 10. O-O Bxc3 11. Nxc3 Qxd4 12. Qxd4 Nxd4 13. Be5 Nf5 14.
Nxe4 f6 15. Bc3 Bd7 16. g4 Nh4 17. f4 Bc6 18. Nd6+ Ke7 19. Rad1 Nf3+ 20. Kf2
Nxh2 21. Rg1 Nf3 22. Rg3 a5 23. Nc4 h5 24. Nxa5 hxg4 25. Nxc6+ bxc6 26. Rxg4
Rh3 27. Rxg7+ Kf8 28. Rdd7 Nh4 29. Bb4+ Ke8 30. Rde7+ 1-0

[Event "CAN-ch"]
[Site "Kingston CAN"]
[Date "2022.04.13"]
[Round "1.1"]
[White "Noritsyn, Nikolay"]
[Black "Atanasov, Anthony"]
[Result "1-0"]
[WhiteElo "2512"]
[BlackElo "2189"]
[PlyCount "47"]
[EventDate "2022.04.13"]
[EventType "swiss"]
[EventRounds "9"]
[EventCountry "CAN"]

1. e4 e5 2. Nf3 Nf6 3. d3 Nc6 4. g3 Bc5 5. Bg2 O-O 6. O-O d5 7. exd5 Nxd5 8. a3
a5 9. Nc3 Nxc3 10. bxc3 Bg4 11. h3 Bf5 12. Rb1 Rb8 13. Rb5 Bd6 14. d4 Qe8 15.
Re1 f6 16. c4 b6 17. Bb2 Rd8 18. Rd5 Be6 19. dxe5 Nxe5 20. Nxe5 fxe5 21. Bxe5
Bc5 22. Bf4 Kf7 23. Rxd8 Qxd8 24. Qh5+ 1-0

[Event "CAN-ch"]
[Site "Kingston CAN"]
[Date "2022.04.14"]
[Round "2.10"]
[White "Atanasov, Anthony"]
[Black "Jung, Hans"]
[Result "1-0"]
[WhiteElo "2189"]
[BlackElo "2031"]
[PlyCount "69"]
[EventDate "2022.04.13"]
[EventType "swiss"]
[EventRounds "9"]
[EventCountry "CAN"]

1. d4 d5 2. Bf4 e6 3. e3 Bd6 4. Qg4 g6 5. Qf3 Bxf4 6. exf4 c6 7. Nc3 Qa5 8. Qe3
Nd7 9. Nf3 b5 10. Nd2 Ne7 11. Bd3 Bb7 12. Nb3 Qc7 13. Nc5 Ng8 14. Nxd7 Qxd7 15.
Qe5 f6 16. Qe3 Kf7 17. h4 h5 18. Ne2 Nh6 19. O-O-O a5 20. f3 Ba6 21. Rdg1 Nf5
22. Qd2 b4 23. Bxa6 Rxa6 24. Qd3 Raa8 25. g4 hxg4 26. fxg4 Nxh4 27. Qg3 g5 28.
fxg5 fxg5 29. Qe5 Kg6 30. Ng3 Raf8 31. Rf1 Qe7 32. Nf5 Qd7 33. Nxh4+ Rxh4 34.
Rxf8 Rxh1+ 35. Kd2 1-0

[Event "CAN-ch"]
[Site "Kingston CAN"]
[Date "2022.04.14"]
[Round "3.10"]
[White "Clyde, Jordan"]
[Black "Atanasov, Anthony"]
[Result "0-1"]
[WhiteElo "2088"]
[BlackElo "2189"]
[PlyCount "90"]
[EventDate "2022.04.13"]
[EventType "swiss"]
[EventRounds "9"]
[EventCountry "CAN"]

1. e4 c5 2. Nf3 Nc6 3. Bb5 Nd4 4. Nc3 a6 5. Bd3 Nc6 6. O-O e6 7. Re1 g5 8. Kh1
Bg7 9. b3 g4 10. Ng1 h5 11. f4 d6 12. a4 Nh6 13. Rb1 Nd4 14. Nce2 g3 15. Nxg3
Ng4 16. Nh3 Qh4 17. c3 Nc6 18. Be2 Qxh3 19. gxh3 Nf2+ 20. Kg2 Nxd1 21. Nxh5
Bxc3 22. Bxd1 Bd4 23. Bb2 Ke7 24. Bxd4 Nxd4 25. b4 b5 26. Ng3 Bb7 27. d3 Rh4
28. Re3 Rxf4 29. Nh5 Rf5 30. h4 Rh8 31. axb5 Rfxh5 32. Bxh5 Rxh5 33. bxa6 Bxa6
34. bxc5 Rxc5 35. Rb6 Bb5 36. Rb7+ Kf6 37. Rb6 Rc2+ 38. Kg3 Ke5 39. h5 Rc8 40.
Rf3 Rg8+ 41. Kf2 Nxf3 42. Rxb5+ Kf4 43. Rb7 Ne5 44. Rc7 Nxd3+ 45. Ke2 Ne5 0-1

[Event "CAN-ch"]
[Site "Kingston CAN"]
[Date "2022.04.15"]
[Round "4.4"]
[White "Atanasov, Anthony"]
[Black "Talukdar, Rohan"]
[Result "1/2-1/2"]
[WhiteElo "2189"]
[BlackElo "2321"]
[PlyCount "44"]
[EventDate "2022.04.13"]
[EventType "swiss"]
[EventRounds "9"]
[EventCountry "CAN"]

1. d4 Nf6 2. c4 g6 3. Nc3 d5 4. Nf3 Bg7 5. Qb3 dxc4 6. Qxc4 O-O 7. e4 Na6 8.
Be2 c5 9. d5 e6 10. O-O exd5 11. exd5 Bf5 12. Bf4 Qb6 13. Na4 Qa5 14. Bd2 Qd8
15. Nxc5 Nxc5 16. Qxc5 Qxd5 17. Qa3 Rfe8 18. Rfe1 Re4 19. Rad1 Qc6 20. Rc1 Qa4
21. Qxa4 Rxa4 22. Bc4 Ne4 1/2-1/2